| 000 | 00563nam a2200205 a 4500 | ||
|---|---|---|---|
| 005 | 20240215063837.0 | ||
| 008 | 040812s1999 mx r 000 0 spa d | ||
| 020 | _a9701504240 | ||
| 035 | _aUPN01000134204 | ||
| 049 | _aCG | ||
| 050 | 4 |
_aHD37 E8 _bR6.3 1999 |
|
| 100 | 1 |
_aRodríguez Mansilla, Darío _931008 |
|
| 245 | 1 | 0 |
_aDiagnóstico organizacional / _cDarío Rodríguez Mansilla. |
| 250 | _a3a ed. | ||
| 260 |
_aMéxico : _bAlfaomega, _cc1999. |
||
| 300 | _a218 p. | ||
| 650 | 4 |
_aORGANIZACION _914933 |
|
| 650 | 4 |
_aAdministración _928 |
|
| 905 | _aLibro | ||
| 999 |
_c106355 _d106355 |
||